| 000 | 00442nam a22001457a 4500 | ||
|---|---|---|---|
| 020 | _a93-91214-98-3 | ||
| 082 |
_a332.0240 _bGUR/R |
||
| 100 | _aGURU, PRAVABATI | ||
| 245 |
_aA TEXTBOOK OF RESOURCE MANAGEMENT _bPERSONAL FINANCE AND SOCIO ECONOMIC ENVIRONMENT |
||
| 250 | _aFIRST EDITION | ||
| 260 |
_aDELHI _bSHIVALIK PRAKASHAN _c2022 |
||
| 300 | _a283 | ||
| 650 |
_aFAMILY RESOURCE, CONSUMER, SOCIETY, BANKING, ECONOMICS _zINDIA |
||
| 942 | _cBK | ||
| 999 |
_c7923 _d7923 |
||